Consumer behavior (Record no. 166172)

MARC details
000 -LEADER
fixed length control field 00750nam a2200277Ia 4500
003 - CONTROL NUMBER IDENTIFIER
control field OSt
005 - DATE AND TIME OF LATEST TRANSACTION
control field 20260110152103.0
008 - FIXED-LENGTH DATA ELEMENTS--GENERAL INFORMATION
fixed length control field 210423s2013 xx 000 0 und d
020 ## - INTERNATIONAL STANDARD BOOK NUMBER
International Standard Book Number 978-81-317-3156-7
040 ## - CATALOGING SOURCE
Transcribing agency AL
041 ## - LANGUAGE CODE
Language code of text/sound track or separate title English
082 ## - DEWEY DECIMAL CLASSIFICATION NUMBER
Classification number 658.8342
Item number SCHC
100 ## - MAIN ENTRY--PERSONAL NAME
Personal name Leon G Schiffman
9 (RLIN) 104170
245 ## - TITLE STATEMENT
Title Consumer behavior
250 ## - EDITION STATEMENT
Edition statement 10
260 ## - PUBLICATION, DISTRIBUTION, ETC.
Place of publication, distribution, etc. New Delhi
Name of publisher, distributor, etc. Pearson
Date of publication, distribution, etc. 2013
300 ## - PHYSICAL DESCRIPTION
Extent xix,486p.
Other physical details PB
Dimensions 25x19.7cm.
365 ## - TRADE PRICE
Price amount 750
Currency code INR
650 ## - SUBJECT ADDED ENTRY--TOPICAL TERM
Topical term or geographic name entry element Consumer Behavior
9 (RLIN) 104171
650 ## - SUBJECT ADDED ENTRY--TOPICAL TERM
Topical term or geographic name entry element Marketing Management
9 (RLIN) 104172
700 ## - ADDED ENTRY--PERSONAL NAME
Personal name Kanuk, Leslie Lazar
9 (RLIN) 250970
700 ## - ADDED ENTRY--PERSONAL NAME
Personal name Kumar, Ramesh S
9 (RLIN) 250971
700 ## - ADDED ENTRY--PERSONAL NAME
Personal name Wisenblit, Joseph
9 (RLIN) 250972
906 ## - LOCAL DATA ELEMENT F, LDF (RLIN)
a 10 ; behavior ; Consumer ; Ed
942 ## - ADDED ENTRY ELEMENTS (KOHA)
Source of classification or shelving scheme Dewey Decimal Classification
Koha item type Book
Holdings
Withdrawn status Lost status Damaged status Not for loan Collection code Home library Current library Date acquired Source of acquisition Cost, normal purchase price Total Checkouts Full call number Barcode Date last seen Price effective from Koha item type Date last checked out
        Corporate Psychology St Aloysius PG Library St Aloysius PG Library 12/17/2014 Biblios Book Point 750.00   658.8342 SCHC PG012671 08/24/2022 04/26/2021 Book  
        Corporate Psychology St Aloysius PG Library St Aloysius PG Library 12/17/2014 Biblios Book Point 750.00 1 658.8342 SCHC PG012672 01/10/2026 04/26/2021 Book 01/03/2026